| 000 | 00853nam a2200277 a 4500 | ||
|---|---|---|---|
| 008 | |||
| 020 | _a8120313690 (pbk.) | ||
| 049 | _aMAIN | ||
| 090 |
_aHG4026 _bPIK |
||
| 100 | 1 | _aPike, Richard. | |
| 245 | 1 | 0 |
_aCorporate finance and investment : _bdecisions and strategies / _cRichard Pike and Bill Neale. |
| 250 | _a2nd ed. | ||
| 260 |
_aNew Delhi : _bPrentice Hall, _c1996. |
||
| 300 |
_axxi, 706 p. ; _c24 cm. |
||
| 500 | _aIncludes index. | ||
| 504 | _aIncludes bibliographical references. | ||
| 650 | 0 |
_aCorporations _zGreat Britain _xFinance. |
|
| 650 | 0 |
_aInvestments _zGreat Britain. |
|
| 650 | 0 |
_aCorporations _zEurope _xFinance. |
|
| 700 | 1 | _aNeale, Bill. | |
| 907 |
_a.b10130007 _b06-05-13 _c08-07-04 |
||
| 003 | |||
| 005 | 20230123125231.0 | ||
| 040 | _cNUST | ||
| 942 |
_cBOOKS _kHG4026 _mPIK |
||
| 999 |
_c138028 _d138028 |
||